Name that Game Show by the Host - Statistics

General Stats
  • This quiz has been taken 42 times
  • The average score is 7 of 15
Answer Stats
Host Game Show % Correct
Steve Harvey Family Feud
88%
Ken Jennings Jeopardy
88%
Pat Sajak Wheel of Fortune
85%
Drew Carey The Price is Right
82%
Howie Mandel Deal or No Deal
73%
John Michael Higgins America Says
48%
Alfonso Ribeiro Catch 21
36%
Gene Rayburn Match Game
36%
Brooke Burns The Chase
33%
Leah Remini People Puzzler
30%
Dylan Lane Chain Reaction
24%
John Michael Higgins Split Second
24%
Jeff Hephner Switch
24%
Joey Fatone Common Knowledge
18%
Brooke Burns Master Minds
18%
No matching quizzes found
Score Distribution
Percent of People with Each Score
Percentile by Number Answered
Your Score History
You have not taken this quiz